[Event "EU-chT Seniors 50"]
[Site "Dresden"]
[Date "2022.10.30"]
[Round "4.1"]
[White "Arndt, Olaf"]
[Black "Gruen, Gerd Peter"]
[Result "0-1"]
[WhiteElo "1924"]
[BlackElo "2291"]
[PlyCount "70"]
[EventDate "2022.10.27"]
[EventType "team-swiss"]
[EventRounds "9"]
[EventCountry "GER"]
[SourceTitle "EXT 2024"]
[Source "ChessBase"]
[SourceDate "2023.10.10"]
[SourceVersion "1"]
[SourceVersionDate "2023.10.10"]
[SourceQuality "1"]
[WhiteTeam "Horst Emscher 50"]
[BlackTeam "Bielefeld 50"]
[WhiteTeamCountry "GER"]
[BlackTeamCountry "GER"]

1. e4 e5 2. Nf3 Nc6 3. d4 exd4 4. Bc4 Nf6 5. 0-0 Nxe4 6. Re1 d5 7. Bxd5 Qxd5 8. Nc3 Qh5 9. Nxe4 Be6 10. Bg5 Bd6 11. Nxd6+ cxd6 12. Bf4 Qd5 13. c3 Rc8 14. c4 Qxc4 15. Bxd6 Qd5 16. Ba3 f6 17. Rc1 Kf7 18. Nd2 Ne5 19. Rxc8 Rxc8 20. b3 Nd3 21. Rf1 Nf4 22. f3 d3 23. Ne4 Qd4+ 24. Kh1 Rc2 25. Bc5 Rxc5 26. Nxc5 Qxc5 27. Qd2 Qd4 28. Rc1 Ne2 29. Re1 h5 30. h3 b6 31. Rd1 Bf5 32. Re1 a5 33. Rd1 Qf2 34. Qe1 Qxe1+ 35. Rxe1 Nc3 0-1

[Event "EU-chT Seniors 50"]
[Site "Dresden"]
[Date "2022.10.29"]
[Round "3.2"]
[White "Denk, Adolf"]
[Black "Gruen, Gerd Peter"]
[Result "1/2-1/2"]
[WhiteElo "2214"]
[BlackElo "2291"]
[PlyCount "53"]
[EventDate "2022.10.27"]
[EventType "team-swiss"]
[EventRounds "9"]
[EventCountry "GER"]
[SourceTitle "EXT 2024"]
[Source "ChessBase"]
[SourceDate "2023.10.10"]
[SourceVersion "1"]
[SourceVersionDate "2023.10.10"]
[SourceQuality "1"]
[WhiteTeam "Austria 50"]
[BlackTeam "Bielefeld 50"]
[WhiteTeamCountry "AUT"]
[BlackTeamCountry "GER"]

1. d4 Nf6 2. Nf3 e6 3. c4 Bb4+ 4. Nbd2 0-0 5. g3 d5 6. Qb3 Nc6 7. a3 Bxd2+ 8. Bxd2 Ne4 9. Bc3 a5 10. Bg2 b6 11. 0-0 Ba6 12. cxd5 exd5 13. Rfe1 Re8 14. Rac1 h6 15. Qc2 Qd7 16. Bd2 Bb7 17. Red1 Re7 18. Be1 a4 19. e3 f6 20. Bf1 Na5 21. Bxa5 Rxa5 22. Nd2 Nxd2 23. Rxd2 Ba6 24. Bxa6 Rxa6 25. Qd3 b5 26. Rdc2 c6 27. Rc5 1/2-1/2

[Event "NRW Class1 1718"]
[Site "Germany"]
[Date "2018.04.29"]
[Round "9.2"]
[White "Jens, Jelmer"]
[Black "Gruen, Gerd Peter"]
[Result "1-0"]
[WhiteElo "2413"]
[BlackElo "2215"]
[PlyCount "79"]
[EventDate "2017.09.17"]
[EventType "team-tourn"]
[EventRounds "9"]
[EventCountry "GER"]
[SourceTitle "EXT 2019"]
[Source "ChessBase"]
[SourceDate "2018.10.10"]
[SourceVersion "1"]
[SourceVersionDate "2018.10.10"]
[SourceQuality "1"]
[WhiteTeam "Erkenschwick"]
[BlackTeam "Bielefeld"]
[WhiteTeamCountry "GER"]
[BlackTeamCountry "GER"]

1. e4 e5 2. Nf3 Nf6 3. Nxe5 d6 4. Nf3 Nxe4 5. d4 d5 6. Bd3 Bd6 7. 0-0 0-0 8. c4 c6 9. Qc2 Na6 10. a3 Bf5 11. c5 Bb8 12. b4 Nc7 13. Nc3 Re8 14. Ne2 Ne6 15. Bb2 Bg6 16. Rae1 Bc7 17. a4 a6 18. Kh1 f5 19. g3 Bh5 20. Nfg1 f4 21. f3 Nxg3+ 22. hxg3 fxg3 23. Kg2 Qh4 24. Nh3 Ng5 25. Bf5 Rf8 26. Neg1 g6 27. Bd7 Rf6 28. Bc1 Nxh3 29. Bxh3 Raf8 30. Qd3 g5 31. Re7 Bg6 32. Qe3 g4 33. Rxc7 gxf3+ 34. Nxf3 Be4 35. Qg5+ Qxg5 36. Bxg5 Rxf3 37. Be6+ Kh8 38. Rxf3 Rxf3 39. Rc8+ Rf8+ 40. Kxg3 1-0

[Event "NRW Class1 1718"]
[Site "Germany"]
[Date "2018.03.11"]
[Round "7.2"]
[White "Gruen, Gerd Peter"]
[Black "Fluechter, Gregor"]
[Result "1-0"]
[WhiteElo "2215"]
[BlackElo "2144"]
[PlyCount "103"]
[EventDate "2017.09.17"]
[EventType "team-tourn"]
[EventRounds "9"]
[EventCountry "GER"]
[SourceTitle "EXT 2019"]
[Source "ChessBase"]
[SourceDate "2018.10.10"]
[SourceVersion "1"]
[SourceVersionDate "2018.10.10"]
[SourceQuality "1"]
[WhiteTeam "Bielefeld"]
[BlackTeam "Brackel"]
[WhiteTeamCountry "GER"]
[BlackTeamCountry "GER"]

1. d4 d5 2. Nf3 Nf6 3. Bf4 c5 4. e3 Nc6 5. c3 Qb6 6. Qc2 g6 7. Nbd2 Bg7 8. h3 0-0 9. Bd3 c4 10. Be2 Bf5 11. Qc1 Qd8 12. b3 b5 13. a4 a6 14. 0-0 Qb6 15. Qb2 Nd7 16. g4 Be6 17. Rfb1 Qd8 18. Ng5 Nb6 19. bxc4 Nxa4 20. Qa3 dxc4 21. Nxe6 fxe6 22. Nxc4 Nxc3 23. Qxc3 Rxf4 24. Ne5 Nxd4 25. exd4 Qxd4 26. Qxd4 Rxd4 27. Nf3 Rf4 28. Ra2 b4 29. Ng5 Rb8 30. Nxe6 Re4 31. Nxg7 b3 32. Rab2 Kxg7 33. Bxa6 Reb4 34. Be2 h5 35. gxh5 gxh5 36. Bxh5 Kf6 37. Bd1 Rd4 38. Kh2 Kg5 39. Rxb3 Rxb3 40. Bxb3 Kf4 41. Be6 Re4 42. Bg4 e5 43. Rb8 Re1 44. Rf8+ Ke4 45. h4 Rc1 46. h5 Kd4 47. h6 Rc6 48. Rh8 e4 49. Kg3 e3 50. fxe3+ Kxe3 51. Re8+ Kd4 52. h7 1-0

[Event "NRW Class1 1718"]
[Site "Germany"]
[Date "2018.01.28"]
[Round "5.2"]
[White "Gruen, Gerd Peter"]
[Black "Schiffer, Stefan"]
[Result "0-1"]
[WhiteElo "2215"]
[BlackElo "2229"]
[PlyCount "134"]
[EventDate "2017.09.17"]
[EventType "team-tourn"]
[EventRounds "9"]
[EventCountry "GER"]
[SourceTitle "EXT 2019"]
[Source "ChessBase"]
[SourceDate "2018.10.10"]
[SourceVersion "1"]
[SourceVersionDate "2018.10.10"]
[SourceQuality "1"]
[WhiteTeam "Bielefeld"]
[BlackTeam "Bruehl"]
[WhiteTeamCountry "GER"]
[BlackTeamCountry "GER"]

1. d4 Nf6 2. Nf3 e6 3. c4 c5 4. d5 exd5 5. cxd5 d6 6. Nc3 g6 7. g3 Bg7 8. Bg2 0-0 9. 0-0 Re8 10. Bf4 Ne4 11. Nxe4 Rxe4 12. Nd2 Rxf4 13. gxf4 Bxb2 14. Rb1 Bg7 15. Nc4 b5 16. Rxb5 Ba6 17. Qa4 Bxb5 18. Qxb5 Bf8 19. Na5 Qb6 20. Rb1 Na6 21. Nc6 c4 22. a4 Nc7 23. Qb4 Na6 24. Qe1 Qc5 25. Qc1 c3 26. e4 c2 27. Rb2 Qa3 28. Qxc2 Re8 29. e5 Nc5 30. e6 Qa1+ 31. Rb1 Qf6 32. f5 gxf5 33. Re1 fxe6 34. dxe6 Nxe6 35. Nxa7 Kh8 36. Qc6 Re7 37. Nb5 Rg7 38. Kh1 Nf4 39. Rg1 Nxg2 40. Qc3 Qxc3 41. Nxc3 Nf4 42. Rxg7 Bxg7 43. Nb5 Be5 44. a5 Nd5 45. a6 Nb6 46. a7 d5 47. Kg2 Kg7 48. Kf3 d4 49. Ke2 Kf6 50. Kd3 Ke6 51. Nxd4+ Bxd4 52. Kxd4 Kd6 53. h4 h5 54. f4 Na8 55. Kc4 Nc7 56. Kb4 Kd5 57. Kb3 Kc5 58. Kc2 Kc4 59. Kb2 Na8 60. Ka3 Kc5 61. Kb3 Nc7 62. Kc2 Kc6 63. Kd3 Kd5 64. Ke3 Kc4 65. Kd2 Kd4 66. Kc2 Ke4 67. Kb3 Kxf4 0-1

[Event "NRW Class1 1718"]
[Site "Germany"]
[Date "2017.11.19"]
[Round "3.2"]
[White "Gruen, Gerd Peter"]
[Black "Schienmann, Bruno"]
[Result "1-0"]
[WhiteElo "2215"]
[BlackElo "2263"]
[PlyCount "67"]
[EventDate "2017.09.17"]
[EventType "team-tourn"]
[EventRounds "9"]
[EventCountry "GER"]
[SourceTitle "EXT 2019"]
[Source "ChessBase"]
[SourceDate "2018.10.10"]
[SourceVersion "1"]
[SourceVersionDate "2018.10.10"]
[SourceQuality "1"]
[WhiteTeam "Bielefeld"]
[BlackTeam "Niederkassel"]
[WhiteTeamCountry "GER"]
[BlackTeamCountry "GER"]

1. d4 Nf6 2. Nf3 e6 3. c4 Bb4+ 4. Bd2 a5 5. g3 d6 6. Bg2 Nbd7 7. 0-0 e5 8. d5 Bxd2 9. Qxd2 Nc5 10. Nc3 0-0 11. Qc2 Nh5 12. b3 f5 13. a3 b6 14. b4 Nb7 15. e3 g5 16. Nd2 Qe7 17. Nb5 f4 18. exf4 gxf4 19. Bf3 Ng7 20. g4 Rf6 21. Ne4 Rg6 22. Kh1 Qh4 23. g5 Ne8 24. Rg1 Kf7 25. Qe2 Bf5 26. Bg4 Bxe4+ 27. Qxe4 Ng7 28. Nxc7 Rg8 29. Ne6 Nd8 30. c5 h5 31. Bf5 Nxf5 32. Qxf5+ Ke8 33. cxd6 Nxe6 34. dxe6 1-0

[Event "NRW Class1 1617"]
[Site "Germany"]
[Date "2017.02.12"]
[Round "6.2"]
[White "Buendgen, Achim"]
[Black "Gruen, Gerd Peter"]
[Result "1/2-1/2"]
[WhiteElo "2183"]
[BlackElo "2334"]
[PlyCount "95"]
[EventDate "2016.09.25"]
[EventType "team-tourn"]
[EventRounds "9"]
[EventCountry "GER"]
[SourceTitle "EXT 2023"]
[Source "ChessBase"]
[SourceDate "2022.10.05"]
[SourceVersion "1"]
[SourceVersionDate "2022.10.05"]
[SourceQuality "1"]
[WhiteTeam "Neuenkirchen"]
[BlackTeam "Bielefeld"]
[WhiteTeamCountry "GER"]
[BlackTeamCountry "GER"]

1. e4 e5 2. Nf3 Nc6 3. Bc4 Bc5 4. b4 Bb6 5. a4 a6 6. Nc3 d6 7. Nd5 Ba7 8. d3 Nce7 9. Be3 Nxd5 10. Bxd5 Nf6 11. Bb3 Be6 12. Bxe6 fxe6 13. 0-0 0-0 14. Bxa7 Rxa7 15. d4 Nxe4 16. dxe5 d5 17. Nd4 Qe7 18. Qg4 Re8 19. Rad1 Qg5 20. Qxg5 Nxg5 21. h4 Ne4 22. a5 Nc3 23. Rd3 Nb5 24. Nxb5 axb5 25. f4 g6 26. g4 c6 27. Re3 Rf8 28. f5 gxf5 29. gxf5 Rxf5 30. Rxf5 exf5 31. Rf3 Kf7 32. Rxf5+ Ke6 33. Rh5 h6 34. Kf2 Ra8 35. Ke3 Rg8 36. Rxh6+ Kxe5 37. Rh5+ Ke6 38. Rh7 Rg4 39. c3 Rc4 40. Kd3 d4 41. cxd4 Rxb4 42. Rxb7 Ra4 43. Rc7 Kd6 44. Ra7 Ra3+ 45. Ke4 Rh3 46. Rh7 Ra3 47. Ra7 Rh3 48. Rh7 1/2-1/2

[Event "NRW Class1 1617"]
[Site "Germany"]
[Date "2016.12.11"]
[Round "4.1"]
[White "Gruen, Gerd Peter"]
[Black "Zaitsev, Mikhail"]
[Result "0-1"]
[WhiteElo "2334"]
[BlackElo "2508"]
[PlyCount "98"]
[EventDate "2016.09.25"]
[EventType "team-tourn"]
[EventRounds "9"]
[EventCountry "GER"]
[SourceTitle "EXT 2023"]
[Source "ChessBase"]
[SourceDate "2022.10.05"]
[SourceVersion "1"]
[SourceVersionDate "2022.10.05"]
[SourceQuality "1"]
[WhiteTeam "Bielefeld"]
[BlackTeam "Bochum SV"]
[WhiteTeamCountry "GER"]
[BlackTeamCountry "GER"]

1. d4 d5 2. Nf3 Nf6 3. c4 e6 4. g3 dxc4 5. Bg2 Bb4+ 6. Bd2 a5 7. 0-0 0-0 8. Bg5 h6 9. Bxf6 Qxf6 10. Qc2 Nc6 11. Qxc4 Rd8 12. Rd1 e5 13. d5 b5 14. Qc2 Bf5 15. Qc1 e4 16. Nh4 Bh7 17. Nc3 Bxc3 18. Qxc3 Qxc3 19. bxc3 Ne7 20. Bf1 Nxd5 21. Rac1 Nb6 22. e3 c6 23. g4 Kf8 24. Rd4 Ke7 25. Nf5+ Bxf5 26. gxf5 Rxd4 27. cxd4 Kd6 28. Kg2 Nd5 29. Kg3 g6 30. fxg6 Rg8 31. f3 Rxg6+ 32. Kf2 f5 33. f4 Rg7 34. Bh3 Rf7 35. Rg1 b4 36. Rg6+ Kc7 37. Rxh6 a4 38. Rg6 Rh7 39. Bxf5 Rxh2+ 40. Kg3 Re2 41. Be6 b3 42. axb3 axb3 43. Bxd5 cxd5 44. Rh6 b2 45. Rh1 Rxe3+ 46. Kg4 Rb3 47. Rb1 Kd6 48. f5 Ke7 49. Kg5 e3 0-1

[Event "NRW Class1 1617"]
[Site "Germany"]
[Date "2016.11.13"]
[Round "3.2"]
[White "Bosch, Jeroen"]
[Black "Gruen, Gerd Peter"]
[Result "1-0"]
[WhiteElo "2381"]
[BlackElo "2334"]
[PlyCount "97"]
[EventDate "2016.09.25"]
[EventType "team-tourn"]
[EventRounds "9"]
[EventCountry "GER"]
[SourceTitle "EXT 2023"]
[Source "ChessBase"]
[SourceDate "2022.10.05"]
[SourceVersion "1"]
[SourceVersionDate "2022.10.05"]
[SourceQuality "1"]
[WhiteTeam "Plettenberg"]
[BlackTeam "Bielefeld"]
[WhiteTeamCountry "GER"]
[BlackTeamCountry "GER"]

1. d4 Nf6 2. Bg5 e6 3. e4 h6 4. Bxf6 Qxf6 5. c3 d6 6. Bd3 e5 7. Ne2 g6 8. 0-0 Bg7 9. f4 Qe7 10. f5 0-0 11. fxg6 fxg6 12. Qb3+ Kh7 13. Rxf8 Qxf8 14. Na3 a6 15. Rf1 Qe8 16. dxe5 dxe5 17. Nc2 Nd7 18. Qf7 Qxf7 19. Rxf7 Nc5 20. Bc4 c6 21. Ng3 Na4 22. b4 Nxc3 23. Ne3 Nb5 24. Re7 h5 25. Re8 Nd6 26. Bg8+ Kh6 27. Rd8 h4 28. Rxd6 hxg3 29. Bf7 Bf8 30. Rxg6+ Kh7 31. Rxg3 Bxb4 32. Rg8 Bc5 33. Kf2 b5 34. Kf3 Bb7 35. Rxa8 Bxa8 36. Nf5 Bb7 37. g4 Bc8 38. g5 Bf8 39. h4 c5 40. h5 c4 41. h6 Kh8 42. g6 Bxf5 43. exf5 Bxh6 44. f6 a5 45. Ke4 a4 46. a3 Bf8 47. Bd5 Bh6 48. Kxe5 c3 49. Ke6 1-0

[Event "NRW Class1 1314"]
[Site "Germany"]
[Date "2014.04.06"]
[Round "8.5"]
[White "Gruen, Gerd Peter"]
[Black "Rosen, Willy"]
[Result "1-0"]
[WhiteElo "2268"]
[BlackElo "2183"]
[PlyCount "101"]
[EventDate "2013.09.15"]
[EventType "team-tourn"]
[EventRounds "9"]
[EventCountry "GER"]
[SourceTitle "EXT 2015"]
[Source "ChessBase"]
[SourceDate "2014.11.20"]
[SourceVersion "1"]
[SourceVersionDate "2014.11.20"]
[SourceQuality "1"]
[WhiteTeam "Bielefeld"]
[BlackTeam "Katernberg II"]
[WhiteTeamCountry "GER"]
[BlackTeamCountry "GER"]

1. d4 Nf6 2. Nf3 e6 3. c4 b6 4. g3 Bb7 5. Bg2 Be7 6. Nc3 Ne4 7. Bd2 f5 8. 0-0 0-0 9. d5 Bf6 10. Rc1 c5 11. a3 Bxc3 12. Bxc3 exd5 13. cxd5 d6 14. Nd2 Qe7 15. Nxe4 fxe4 16. f3 Nd7 17. fxe4 Rxf1+ 18. Qxf1 Rf8 19. Qd1 Ne5 20. Qd2 Bc8 21. Rf1 Rxf1+ 22. Bxf1 Bd7 23. Bg2 g5 24. h3 Be8 25. Kh2 Bg6 26. b4 h6 27. bxc5 bxc5 28. Qb2 Nf7 29. Qb8+ Kh7 30. e5 dxe5 31. a4 h5 32. a5 h4 33. Be1 Nd6 34. a6 Kg7 35. Qb3 Be4 36. Bxe4 Nxe4 37. gxh4 Qf6 38. Qf3 Qf4+ 39. Qxf4 gxf4 40. Kg2 Kg6 41. Kf3 Nf6 42. Bf2 c4 43. Bxa7 Kf5 44. Bc5 e4+ 45. Kg2 Nxd5 46. a7 Nc7 47. Bb4 Na8 48. Ba5 Kg6 49. Bd2 Kf5 50. h5 e3 51. Ba5 1-0

[Event "NRW Class1 1314"]
[Site "Germany"]
[Date "2014.03.09"]
[Round "7.5"]
[White "Kramps, Rene"]
[Black "Gruen, Gerd Peter"]
[Result "0-1"]
[WhiteElo "2068"]
[BlackElo "2268"]
[PlyCount "108"]
[EventDate "2013.09.15"]
[EventType "team-tourn"]
[EventRounds "9"]
[EventCountry "GER"]
[SourceTitle "EXT 2015"]
[Source "ChessBase"]
[SourceDate "2014.11.20"]
[SourceVersion "1"]
[SourceVersionDate "2014.11.20"]
[SourceQuality "1"]
[WhiteTeam "Iserlohn Koenigsspringer"]
[BlackTeam "Bielefeld"]
[WhiteTeamCountry "GER"]
[BlackTeamCountry "GER"]

1. g3 Nf6 2. Bg2 d5 3. c3 e5 4. d4 exd4 5. cxd4 c6 6. Nf3 Bd6 7. 0-0 0-0 8. Nc3 Re8 9. Bf4 Bxf4 10. gxf4 Ne4 11. Nxe4 Rxe4 12. e3 Re7 13. Qc2 Na6 14. Ng5 g6 15. Rfc1 Bf5 16. Qd2 Nc7 17. Bf1 Ne8 18. Bd3 Bxd3 19. Qxd3 Nd6 20. Qf1 a5 21. Qh3 f6 22. Nf3 Qb6 23. Rc2 Rae8 24. Nd2 a4 25. Qf3 Nf5 26. Nf1 a3 27. b3 Nd6 28. Ng3 Kh8 29. Kh1 Qd8 30. Rg1 Qd7 31. Rcc1 Qh3 32. Qe2 h5 33. Qf1 Qxf1 34. Nxf1 Kh7 35. Nd2 Kh6 36. Rc5 g5 37. fxg5+ fxg5 38. Ra5 Nb5 39. Nb1 Rf8 40. Kg2 Ref7 41. Rf1 g4 42. Nd2 h4 43. f3 Kg5 44. f4+ Kf5 45. Kf2 Re7 46. e4+ dxe4 47. Ke3 Rd8 48. Rc1 Rd5 49. Nc4 Rxd4 50. Nxa3 Rd3+ 51. Ke2 Kxf4 52. Nxb5 cxb5 53. Rxb5 Red7 54. Rcc5 Rd2+ 0-1

[Event "NRW Class1 1213"]
[Site "Germany"]
[Date "2013.04.07"]
[Round "8.3"]
[White "Schleining, Zoya"]
[Black "Gruen, Gerd Peter"]
[Result "1-0"]
[WhiteElo "2332"]
[BlackElo "2297"]
[PlyCount "115"]
[EventDate "2012.09.16"]
[EventType "team-tourn"]
[EventRounds "9"]
[EventCountry "GER"]
[SourceTitle "EXT 2017"]
[Source "ChessBase"]
[SourceDate "2016.10.25"]
[SourceVersion "1"]
[SourceVersionDate "2016.10.25"]
[SourceQuality "1"]
[WhiteTeam "Hattingen"]
[BlackTeam "Bielefeld"]
[WhiteTeamCountry "GER"]
[BlackTeamCountry "GER"]

1. Nf3 Nf6 2. c4 e6 3. g3 d5 4. Bg2 dxc4 5. Qa4+ Nbd7 6. Qxc4 a6 7. Qc2 Rb8 8. 0-0 b5 9. d3 Bb7 10. a4 c5 11. Bf4 Rc8 12. axb5 axb5 13. Na3 e5 14. Bxe5 Nxe5 15. Nxe5 Bxg2 16. Kxg2 Qd5+ 17. Nf3 Rb8 18. e4 Qb7 19. Qe2 Be7 20. Rfe1 0-0 21. Nc2 Rfd8 22. e5 Nd5 23. Qe4 g6 24. Rad1 Nb6 25. Ne3 Na4 26. Qxb7 Rxb7 27. Re2 Rbd7 28. Red2 h5 29. h4 Bf8 30. Kf1 Nb6 31. Ke2 Nd5 32. Ng5 Bh6 33. Nxd5 Rxd5 34. f4 Bxg5 35. hxg5 Rd4 36. Ke3 R8d5 37. Rc1 Kf8 38. Rxc5 Rxd3+ 39. Rxd3 Rxc5 40. Rb3 Ke7 41. Rc3 Rd5 42. Rc6 Kd7 43. Rf6 Ke7 44. b4 Rd1 45. Rb6 Rb1 46. Rxb5 Rb3+ 47. Kf2 Rb2+ 48. Kf3 Rb3+ 49. Kg2 Ke6 50. Kh3 Kf5 51. Rb7 Ke6 52. b5 Rb2 53. b6 Rb3 54. Rb8 Rb1 55. g4 hxg4+ 56. Kxg4 Rb3 57. b7 Ke7 58. e6 1-0

[Event "NRW Class1 1112"]
[Site "Germany"]
[Date "2012.04.29"]
[Round "9.1"]
[White "Rezasade, Amir"]
[Black "Gruen, Gerd Peter"]
[Result "1-0"]
[WhiteElo "2313"]
[BlackElo "2322"]
[PlyCount "83"]
[EventDate "2011.09.18"]
[EventType "team-tourn"]
[EventRounds "9"]
[EventCountry "GER"]
[SourceTitle "EXT 2015"]
[Source "ChessBase"]
[SourceDate "2014.11.20"]
[SourceVersion "1"]
[SourceVersionDate "2014.11.20"]
[SourceQuality "1"]
[WhiteTeam "Muelheim Nord II"]
[BlackTeam "Bielefeld"]
[WhiteTeamCountry "GER"]
[BlackTeamCountry "GER"]

1. Nf3 Nf6 2. g3 d5 3. c4 e6 4. Bg2 dxc4 5. 0-0 a6 6. a4 Nbd7 7. Qc2 Rb8 8. a5 b5 9. axb6 cxb6 10. Qxc4 Bb7 11. d4 Rc8 12. Qd3 Be7 13. Nc3 0-0 14. Ng5 Bxg2 15. Kxg2 h6 16. Nf3 a5 17. Bf4 g5 18. Bd2 Qc7 19. h4 g4 20. Nh2 h5 21. e4 Rfd8 22. Qe3 Nf8 23. Rad1 Ng6 24. Rfe1 Qc4 25. Bc1 b5 26. e5 Nd5 27. Qh6 Nxc3 28. bxc3 Qxc3 29. Qxh5 Rxd4 30. Nxg4 Rxd1 31. Rxd1 Qc2 32. Be3 Qe4+ 33. Kh2 Rd8 34. Rc1 Kf8 35. Qh6+ Ke8 36. Nf6+ Bxf6 37. exf6 Rd3 38. h5 Rxe3 39. Qxe3 Qxe3 40. fxe3 Ne5 41. Rc5 Ng4+ 42. Kh3 1-0

[Event "NRW Class2 1011"]
[Site "Germany"]
[Date "2010.11.28"]
[Round "3.1"]
[White "Gruen, Gerd Peter"]
[Black "Marcziter, Dmitrii"]
[Result "1-0"]
[WhiteElo "2372"]
[BlackElo "2306"]
[PlyCount "81"]
[EventDate "2010.09.26"]
[EventType "team-tourn"]
[EventRounds "9"]
[EventCountry "GER"]
[SourceTitle "EXT 2012"]
[Source "ChessBase"]
[SourceDate "2011.11.24"]
[SourceVersion "1"]
[SourceVersionDate "2011.11.24"]
[SourceQuality "1"]
[WhiteTeam "Bielefeld"]
[BlackTeam "Koeln Lasker"]
[WhiteTeamCountry "GER"]
[BlackTeamCountry "GER"]

1. d4 d5 2. Nf3 c5 3. c4 e6 4. cxd5 exd5 5. g3 Nc6 6. Bg2 Nf6 7. 0-0 cxd4 8. Nxd4 Be7 9. Nc3 0-0 10. b3 Bg4 11. h3 Be6 12. Bb2 Qa5 13. a3 Rad8 14. e3 Rfe8 15. Rc1 Rc8 16. b4 Qd8 17. Ncb5 Qd7 18. Nxe6 fxe6 19. e4 Red8 20. exd5 exd5 21. Re1 Bf8 22. Nd4 Re8 23. Rxe8 Rxe8 24. Nxc6 bxc6 25. Qa4 Re6 26. Bd4 a6 27. Bxf6 Rxf6 28. Qxa6 Qf5 29. Qe2 Re6 30. Qf3 Qe5 31. Kh2 Rf6 32. Qe3 Qf5 33. f4 Re6 34. Qd2 Qf6 35. Rxc6 Rxc6 36. Qxd5+ Re6 37. f5 Kf7 38. fxe6+ Qxe6 39. Qh5+ Kf6 40. Qh4+ g5 41. Qxh7 1-0

[Event "NRW Class2 1011"]
[Site "Germany"]
[Date "2010.09.26"]
[Round "1.1"]
[White "Gruen, Gerd Peter"]
[Black "Van Assendelft, Floris"]
[Result "1/2-1/2"]
[WhiteElo "2372"]
[BlackElo "2374"]
[PlyCount "148"]
[EventDate "2010.09.26"]
[EventType "team-tourn"]
[EventRounds "9"]
[EventCountry "GER"]
[SourceTitle "EXT 2012"]
[Source "ChessBase"]
[SourceDate "2011.11.24"]
[SourceVersion "1"]
[SourceVersionDate "2011.11.24"]
[SourceQuality "1"]
[WhiteTeam "Bielefeld"]
[BlackTeam "Rheine Klein Berlin"]
[WhiteTeamCountry "GER"]
[BlackTeamCountry "GER"]

1. d4 d6 2. g3 e5 3. dxe5 dxe5 4. Qxd8+ Kxd8 5. f4 exf4 6. Bxf4 Ne7 7. Nc3 Ng6 8. 0-0-0+ Nd7 9. Nf3 Nxf4 10. gxf4 c6 11. e4 Bb4 12. Ne2 Ke7 13. Ned4 g6 14. c3 Bc5 15. Bc4 Nb6 16. Bb3 Bg4 17. Rd3 Bd6 18. e5 Bc5 19. Ng5 Nd5 20. Bxd5 cxd5 21. h3 Be6 22. h4 h6 23. Ngf3 h5 24. Ng5 Rac8 25. Rf1 Bxd4 26. Rxd4 Rhd8 27. Rfd1 Rc5 28. Nh7 Bg4 29. R1d2 Ke6 30. Nf6 Bf5 31. Kd1 a5 32. c4 Bg4+ 33. Ke1 b5 34. Nxd5 Rxc4 35. Nc7+ Rxc7 36. Rxd8 Kf5 37. R8d4 Bf3 38. Rd7 Rc1+ 39. Kf2 Bg4 40. Ke3 Re1+ 41. Kd4 Kxf4 42. Rxf7+ Kg3 43. Rf6 Bf5 44. Rb6 b4 45. Rb5 Kxh4 46. Rxa5 Kg3 47. a3 b3 48. Rb5 Re4+ 49. Kd5 Re3 50. a4 h4 51. a5 h3 52. a6 h2 53. Rxh2 Kxh2 54. a7 Re1 55. Rxb3 g5 56. Kd4 Re4+ 57. Kc3 Re3+ 58. Kd2 Rxb3 59. a8Q g4 60. Qf8 g3 61. Qxf5 g2 62. Qf4+ Kh3 63. Qh6+ Kg3 64. Qg6+ Kh2 65. Qh6+ Kg3 66. Qg5+ Kh2 67. Qh4+ Rh3 68. Qf4+ Kh1 69. Qf5 Kh2 70. Qf4+ Kh1 71. Qe4 Kh2 72. Qe2 Kh1 73. Qe4 Kh2 74. Qf4+ Kh1 1/2-1/2

[Event "NRW Class1 0809"]
[Site "Germany"]
[Date "2009.04.26"]
[Round "9.1"]
[White "Gruen, Gerd Peter"]
[Black "Essing, Arnold"]
[Result "1-0"]
[WhiteElo "2375"]
[BlackElo "2259"]
[PlyCount "65"]
[EventDate "2008.09.21"]
[EventType "team-tourn"]
[EventRounds "9"]
[EventCountry "GER"]
[SourceTitle "EXT 2010"]
[Source "ChessBase"]
[SourceDate "2010.11.25"]
[SourceVersion "1"]
[SourceVersionDate "2010.11.25"]
[SourceQuality "1"]
[WhiteTeam "Bielefeld"]
[BlackTeam "Neuenkirchen"]
[WhiteTeamCountry "GER"]
[BlackTeamCountry "GER"]

1. d4 d5 2. Nf3 e6 3. g3 f5 4. Bg2 Nf6 5. 0-0 Bd6 6. c4 c6 7. b3 Qe7 8. Ne5 Nbd7 9. Nd3 0-0 10. Nc3 Ne4 11. Qc2 Qf6 12. Bb2 Qh6 13. e3 Ndf6 14. Ne5 Bd7 15. Rae1 Rac8 16. f3 Nxc3 17. Qxc3 Be8 18. cxd5 exd5 19. b4 b6 20. a4 Rc7 21. Qb3 Kh8 22. Rc1 c5 23. bxc5 bxc5 24. dxc5 Rxc5 25. Bd4 Rxc1 26. Rxc1 Bxa4 27. Qxa4 Bxe5 28. Qa3 Re8 29. Bxe5 Rxe5 30. Rc8+ Ng8 31. f4 Re4 32. Bxe4 dxe4 33. Qb3 1-0

[Event "NRW Class1 0809"]
[Site "Germany"]
[Date "2008.11.09"]
[Round "3.1"]
[White "Korotkjevich, Stanislav"]
[Black "Gruen, Gerd Peter"]
[Result "0-1"]
[WhiteElo "2349"]
[BlackElo "2375"]
[PlyCount "101"]
[EventDate "2008.09.21"]
[EventType "team-tourn"]
[EventRounds "9"]
[EventCountry "GER"]
[SourceTitle "EXT 2010"]
[Source "ChessBase"]
[SourceDate "2010.11.25"]
[SourceVersion "1"]
[SourceVersionDate "2010.11.25"]
[SourceQuality "1"]
[WhiteTeam "Koeln Porz II"]
[BlackTeam "Bielefeld"]
[WhiteTeamCountry "GER"]
[BlackTeamCountry "GER"]

1. d4 Nf6 2. Nf3 e6 3. c4 Bb4+ 4. Bd2 c5 5. e3 0-0 6. Bd3 b6 7. 0-0 Bxd2 8. Nbxd2 Bb7 9. e4 cxd4 10. e5 Ne8 11. Nxd4 d6 12. N2f3 Nc6 13. Be4 Rc8 14. Nxc6 Bxc6 15. Bxc6 Rxc6 16. Qa4 Qc7 17. Rac1 dxe5 18. b4 f6 19. Nd2 Nd6 20. Qb3 Nf5 21. b5 Rd6 22. Ne4 Rd4 23. c5 Qe7 24. Rc4 bxc5 25. Nxc5 Rc8 26. Rc3 Rdd8 27. Rfc1 Nd4 28. Qb2 Rc7 29. Kf1 Rdc8 30. Qb4 Qd6 31. a4 h6 32. Rc4 Kh7 33. Qb1+ f5 34. Qb4 Qd5 35. h4 Nb3 36. Qxb3 Rxc5 37. Rxc5 Qxb3 38. Rxc8 Qxa4 39. g3 Qxb5+ 40. Kg1 e4 41. R8c7 a5 42. Ra7 e3 43. fxe3 Qe5 44. Re1 Qxg3+ 45. Kf1 Qh3+ 46. Kg1 Qxh4 47. Re2 Qg3+ 48. Kf1 Qf3+ 49. Ke1 h5 50. Rxa5 h4 51. Re5 0-1